| 000 | 00559nam a2200229Ia 4500 | ||
|---|---|---|---|
| 999 |
_c60081 _d60081 |
||
| 003 | 0100 | ||
| 005 | 20181024120450.0 | ||
| 008 | 130303s9999 xx 000 0 und d | ||
| 020 | _a0800614062 | ||
| 040 | _cARRUPELIB | ||
| 050 | _aBV4638.M55513 | ||
| 100 |
_aMoltmann, Jurgen _943112 |
||
| 245 |
_aExperiences of God _cJurgen Moltmann |
||
| 260 |
_aPhiladelphia _bFortress Press _c1980 |
||
| 300 |
_a83p. ; _c 22cm. |
||
| 650 |
_aHope _98623 |
||
| 942 |
_2lcc _cMONOGRAPH |
||